• 首页
  • 本馆介绍
  • 公告通知
  • 最新文献
  • 馆藏检索
  • 电子资源
  • 读者导购
  • 参考咨询
  • 我的图书馆
  • 登录
  • 详细信息显示
  • 放入我的书架
  • 预约/预借图书
  • 作者相关作品
  • 分类相关作品
  • 丛书相关作品
  • 出版社相关作品

书目信息

  • 表格格式
  • 工作单格式
  • 卡片格式
题名:
《老子》究竟说什么
    
 
作者: 郭世铭 著
分册:  
出版信息: 北京   华文出版社  1999
页数: 408页
开本: 20cm
丛书名:
单 册:
中图分类: B223.15 , B223.1
科图分类:
主题词: 先秦哲学 , 先秦哲学
电子资源:
ISBN: 7-5075-0846-3
000 00577nam0 2200217 45
001 1139528317
005 20110929110046.79
010    @a7-5075-0846-3@dCNY25.00
100    @a20030923d1999 km y0chiy0120 ea
101 0  @achi
200 1  @a《老子》究竟说什么@A《Lao Zi》Jiu Jing Shuo Shi Mo@f郭世铭著@FGuo Shi Ming Zhu
210    @a北京@c华文出版社@d1999
215    @a408页@d20cm
600  0 @a老子
606 0  @a先秦哲学
606 0  @a先秦哲学
690    @aB223.15@v4
690    @aB223.1@v4
701    @a郭世铭@4著
801    @aCN@bTSTC@c20030923
905    @a10447@dB223.1@eJY118
    
    《老子》究竟说什么/郭世铭著.-北京:华文出版社,1999
    408页;20cm
    
    
    ISBN 7-5075-0846-3:CNY25.00
    
●
相关链接 在E读中查询图书 在五车中查询图书 在当当中查询图书 在豆瓣中查询图书


正题名:《老子》究竟说什么     索取号:B223.1/JY118         预约/预借

序号 登录号 条形码 馆藏地/架位号 状态 备注
1 7824605   278246051   学院路分馆/ [索取号:B223.1/JY118] 在馆    
2 7824606   278246060   学院路分馆/ [索取号:B223.1/JY118] 在馆    
3 7824607   278246079   学院路分馆/ [索取号:B223.1/JY118] 在馆    
唐山师范学院图书馆 欢迎您!
大连网信软件有限公司© 版权所有